Normal view
MARC view
Entry Personal Name
001 - CONTROL NUMBER
- control field: 49366
003 - CONTROL NUMBER IDENTIFIER
- control field: ARRUPE
005 - DATE AND TIME OF LATEST TRANSACTION
- control field: 20200205091759.0
008 - FIXED-LENGTH DATA ELEMENTS
- fixed length control field: 200205|| aca||aabn | a|a d
040 ## - CATALOGING SOURCE
- Original cataloging agency: ARRUPE
- Transcribing agency: ARRUPE
100 ## - HEADING--PERSONAL NAME
- Personal name: Marie Louise,
- Titles and other words associated with a name: Empress, consort of Napoleon I, Emperor of the French,
- Dates associated with a name: 1791-1847
- Form subdivision: Correspondence.
670 ## - SOURCE DATA FOUND
- Source citation: Work cat.: (ARRUPE)0: Napoleon I, Emperor of the French, 1769-1821. 19196, The letters of Napoleon to Marie-Louise;, [1935]